| 000 | 00521nam a22001817a 4500 | ||
|---|---|---|---|
| 005 | 20251108165245.0 | ||
| 008 | 250721s1986 xx 000 0 ara d | ||
| 082 | 1 | 4 | _a613.8/عبد |
| 100 | 1 | _aالعفيفي، عبد الحكيم | |
| 245 | 1 | 0 | _aالإدمان / |
| 264 | 1 |
_aالقاهرة : _bالزهراء للإعلام العربي، _c1986. |
|
| 300 | _a235ص | ||
| 650 | 1 | 7 | _aالمخدرات |
| 650 | 1 | 7 | _aالكحول |
| 650 | 1 | 7 | _aالتأثير الفسيولوجي |
| 942 |
_2ddc _cBK |
||
| 999 |
_c23405 _d23405 |
||